| 000 | 00948pab a2200169 454500 | ||
|---|---|---|---|
| 008 | 180718b2003 xxu||||| |||| 00| 0 eng d | ||
| 100 | _aJha, Raghbendra | ||
| 245 | _aSpatial distribution of rural poverty: last three quinquennial rounds of NSS | ||
| 260 | _c2003 | ||
| 300 | _ap.4985-993. | ||
| 362 | _a22 Nov | ||
| 520 | _aThe spatial distribution of poverty in India has emerged as a matter of urgent concern in recent times. This paper presents evidence on the poverty experiences of 75 NSS regions for the quinquennial rounds of 1987-88, 1993-94 and 1999-2000. The results presented here facilitate easy identification of lagging areas on which anti-poverty policy must concentrate. The economic reforms programme has been unable to make any significant dent on the spatial distribution of expenditure poverty. - Reproduced. | ||
| 650 | _aPoverty | ||
| 700 | _aSharma, Anurag | ||
| 773 | _aEconomic and Political Weekly | ||
| 909 | _a58862 | ||
| 999 |
_c58862 _d58862 |
||